|
|
|
|
| LEADER |
00000cam a2200000 7i4500 |
| 001 |
0000003967 |
| 005 |
20130117.0 |
| 020 |
0 |
0 |
|a 9789839269581
|
| 090 |
0 |
0 |
|a JPSM 634.9068
|b RIM P
|
| 245 |
0 |
0 |
|a Taman Rimba Kenong, Pahang :
|b Pengurusan, persekitaran fizikal dan kepelbagaian biologi
|c Disunting oleh Azahar Muda, Azman A. Rahman...[et.al]
|
| 260 |
0 |
0 |
|a Kuala Lumpur :
|b Jabatan Perhutanan Semenanjung Malaysia ,
|c 2007
|
| 300 |
|
|
|a 248 p. :
|b ill., maps ;
|c 26 cm.
|
| 440 |
0 |
0 |
|a Siri 8 : Kepelbagaian Biologi Hutan
|
| 500 |
0 |
0 |
|a Includes bibliographical references
|
| 650 |
0 |
0 |
|a Biological diversity conservation
|z Taman Rimba Kenong, Pahang
|
| 650 |
0 |
0 |
|a Biological diversity
|z Taman Rimba Kenong, Pahang
|
| 700 |
0 |
1 |
|a A. Norhayati
|
| 700 |
0 |
1 |
|a A.Latiff
|
| 700 |
0 |
1 |
|a Azahar Muda
|
| 700 |
0 |
1 |
|a Azman A. Rahman
|
| 700 |
0 |
1 |
|a Che Hashim Hassan
|
| 700 |
0 |
1 |
|a H.L.Koh
|
| 710 |
1 |
1 |
|a Malaysia ,
|c Jabatan Perhutanan Semenanjung Malaysia
|
| 710 |
1 |
1 |
|a Malaysia ,
|c Taman Rimba Kenong, Pahang
|
| 998 |
|
|
|a JPSM
|
| 999 |
|
|
|a 007740
|b Monograph
|c Open Shelf
|e Default branch
|